| 000 | 00372cam a2200157ua 4500 | ||
|---|---|---|---|
| 041 |
_aeng _h |
||
| 082 |
_a822 _bSOP/WI |
||
| 100 | _aSophocles, . | ||
| 245 |
_aWife of hercules / _cSophocles. _hTextual Documents |
||
| 250 |
_a1 / _b. |
||
| 260 |
_aLondon : _bGeorge Allen & Unwin Ltd , _c1947. |
||
| 300 | _a89 ; . | ||
| 504 | _a | ||
| 942 | _cBK | ||
| 999 |
_c6891 _d6891 |
||